| 000 | 01253nmm a2200409 a 4500 | ||
|---|---|---|---|
| 003 | AR-BaBNM | ||
| 005 | 20251128204815.0 | ||
| 008 | 127019s1995 ||||||||||||||000 | spa|| | ||
| 020 | _a950-843-126-1 | ||
| 040 | _cAR-BaBNM | ||
| 100 | 1 | _aGaray, Eduardo W. | |
| 245 | 1 | 0 |
_aCarrenleufú-Río Encuentro _bbastión de soberanía |
| 250 | _a1ª ed. | ||
| 260 |
_aBuenos Aires _bVinciguerra _c1995 |
||
| 300 | 0 |
_a284 p. _bcuadros, il., mapas, planos |
|
| 500 | 0 | _aAnexo atlas fotográfico | |
| 500 | 0 | _aEl texto fue declarado de interés provincial | |
| 500 | 0 | _aAcompaña suelto mapa de la provincia de Chubut destacando el sector o lugar de litigio por la demarcación del límite internacional | |
| 504 | _aBibliografía p.: 283-284 | ||
| 650 | 4 | _aARTE | |
| 650 | 4 | _aGEOGRAFIA | |
| 650 | 4 | _aCOSTUMBRES Y TRADICIONES | |
| 650 | 4 | _aPOBLACION | |
| 650 | 4 | _aLITERATURA | |
| 650 | 4 | _aCOLONIZACION | |
| 650 | 4 | _aFRONTERAS | |
| 650 | 4 | _aHISTORIA CHUBUTENSE | |
| 650 | 4 | _aNEGOCIACIONES DIPLOMATICAS | |
| 650 | 4 | _aHISTORIA | |
| 650 | 4 | _aRELACIONES INTERNACIONALES | |
| 650 | 4 | _aANTROPOLOGIA CULTURAL Y SOCIAL | |
| 650 | 4 | _aARBITRAJE INTERNACIONAL | |
| 651 | 4 | _aChile | |
| 651 | 4 | _aArgentina | |
| 942 | _cBK | ||
| 998 | _cmariana | ||
| 999 |
_c8907 _d8907 |
||